Economic planning ; its aims and implications /

Bibliographic Details
Main Author: Baldwin, Claude David, 1917-
Format: Book
Language:English
Published: Urbana : The University of Illinois press, 1942.
Series:Added t.p.: [Illinois. University] Illinois studies in the social sciences, vol. XXVII, nos. 1-2
Subjects:

MARC

Tag First Indicator Second Indicator Subfields
LEADER 00000cam a2200000 4500
001 in00000062065
005 20151008051115.0
008 780510s1942 ilu b 00010 eng
010 |a  42036582  
035 |a (OCoLC)03884226 
035 |9 AAG5779AM 
040 |a DLC  |c MNN  |d MNN  |d TXA  |d UtOrBLW 
049 |a TXAM  |c [419909] 
050 0 0 |a H31  |b .I4 vol. 27, no.1-2 
092 |a 338.91  |b B181e 
100 1 |a Baldwin, Claude David,  |d 1917- 
245 1 0 |a Economic planning ;  |b its aims and implications /  |c by Claude David Baldwin. 
264 1 |a Urbana :  |b The University of Illinois press,  |c 1942. 
300 |a 188 pages ;  |c 26 1/2 cm. 
336 |a text  |b txt  |2 rdacontent 
337 |a unmediated  |b n  |2 rdamedia 
338 |a volume  |b nc  |2 rdacarrier 
490 0 |a Added t.p.: [Illinois. University] Illinois studies in the social sciences, vol. XXVII, nos. 1-2 
504 |a Bibliography: pages 179-188. 
650 0 |a Economic policy. 
999 |a MARS 
999 f f |s 46500d6e-b201-380e-aa09-ae57120a0811  |i 289d3a67-e34e-3c72-8535-c7ed05062036  |t 0 
952 f f |p ric  |a Texas A&M University  |b Rellis Campus  |c Joint Library Facility  |d Remote Storage  |t 0  |e H31 .I4 vol. 27, no.1-2  |h Library of Congress classification  |i unmediated -- volume  |m A14800772117 
998 f f |a H31 .I4 vol. 27, no.1-2  |t 0  |l Remote Storage